[Event "World Amateur-ch U2300"]
[Site "Muscat"]
[Date "2023.11.03"]
[Round "2"]
[White "Prishita, Gupta"]
[Black "Cap, Piotr"]
[Result "0-1"]
[WhiteElo "1696"]
[BlackElo "2136"]
[PlyCount "76"]
[EventDate "2023.11.02"]
[EventType "swiss"]
[EventRounds "9"]
[EventCountry "OMN"]
[SourceTitle "CB46_2023"]
[SourceDate "2023.11.15"]
[SourceVersion "1"]
[SourceVersionDate "2023.11.15"]
[SourceQuality "1"]

1. e4 c6 2. d4 d5 3. e5 Bf5 4. Nc3 e6 5. g4 Bg6 6. Nge2 c5 7. h4 h6 8. Nf4 Bh7 9. Be3 Nc6 10. Bb5 Qa5 11. Nfe2 Nge7 12. Bd2 Qc7 13. Bxc6+ Nxc6 14. Bf4 a6 15. Kf1 0-0-0 16. a3 cxd4 17. Nxd4 Nxd4 18. Qxd4 Bc5 19. Qd2 d4 20. Na2 h5 21. g5 Bf5 22. Nc1 Qc6 23. Rh2 Kb8 24. Nd3 Rc8 25. Rc1 Rhd8 26. Kg1 Ba7 27. Rg2 Rd7 28. Kh2 Rdc7 29. Rgg1 Qe4 30. Nb4 d3 31. Nxd3 Qd4 32. Bg3 Qg4 33. Nf4 Rc4 34. Rgd1 Rd4 35. Qxd4 Bxd4 36. Rxd4 Rxc2 37. Rxc2 Bxc2 38. Rd2 Be4 0-1

[Event "Warsaw Szansa blitz op"]
[Site "Warsaw"]
[Date "2023.09.16"]
[Round "2"]
[White "Cap, Piotr"]
[Black "Maltsevskaya, Aleksandra"]
[Result "0-1"]
[WhiteElo "2136"]
[BlackElo "2386"]
[PlyCount "54"]
[EventDate "2023.09.16"]
[EventType "swiss (blitz)"]
[EventRounds "13"]
[EventCountry "POL"]
[SourceTitle "EXT 2024"]
[Source "ChessBase"]
[SourceDate "2023.10.10"]
[SourceVersion "1"]
[SourceVersionDate "2023.10.10"]
[SourceQuality "1"]

1. d4 Nf6 2. Bg5 Ne4 3. Bf4 c5 4. d5 g6 5. c3 Bg7 6. f3 Nf6 7. e4 d6 8. a4 0-0 9. Bc4 Nh5 10. Be3 Nd7 11. Ne2 Ne5 12. Na3 Nxc4 13. Nxc4 b6 14. 0-0 Rb8 15. Re1 a6 16. a5 b5 17. Nb6 Nf6 18. Qc2 Nd7 19. Nxc8 Qxc8 20. Rab1 b4 21. c4 b3 22. Qd3 Ne5 23. Qd1 Nxc4 24. Bf2 Nxb2 25. Qd2 Nc4 26. Qg5 b2 27. h4 Na3 0-1

[Event "Olomouc Seniors op"]
[Site "Olomouc"]
[Date "2022.08.18"]
[Round "7"]
[White "Cap, Piotr"]
[Black "Mikulas, Dusan"]
[Result "1/2-1/2"]
[WhiteElo "2025"]
[BlackElo "2045"]
[PlyCount "31"]
[EventDate "2022.08.13"]
[EventType "swiss"]
[EventRounds "9"]
[EventCountry "CZE"]
[SourceTitle "CBM 209 Extra"]
[Source "ChessBase"]
[SourceDate "2022.09.30"]
[SourceVersion "1"]
[SourceVersionDate "2022.09.30"]
[SourceQuality "1"]

1. d4 g6 2. e4 Bg7 3. Nc3 d6 4. Be3 Nf6 5. f3 0-0 6. Nge2 e5 7. Qd2 c6 8. 0-0-0 Qa5 9. Kb1 b5 10. dxe5 dxe5 11. Nd5 Qxd2 12. Nxf6+ Bxf6 13. Rxd2 Rd8 14. Rxd8+ Bxd8 15. Nc1 Bb6 16. Bh6 1/2-1/2

[Event "Olomouc Seniors op"]
[Site "Olomouc"]
[Date "2022.08.14"]
[Round "3"]
[White "Cap, Piotr"]
[Black "Stigar, Petter"]
[Result "1/2-1/2"]
[WhiteElo "2025"]
[BlackElo "2212"]
[PlyCount "77"]
[EventDate "2022.08.13"]
[EventType "swiss"]
[EventRounds "9"]
[EventCountry "CZE"]
[SourceTitle "CBM 209 Extra"]
[Source "ChessBase"]
[SourceDate "2022.09.30"]
[SourceVersion "1"]
[SourceVersionDate "2022.09.30"]
[SourceQuality "1"]

1. d4 Nf6 2. Bg5 d5 3. Bxf6 exf6 4. e3 Bd6 5. g3 c6 6. Nd2 Nd7 7. Bg2 f5 8. Ne2 h5 9. h4 Nf6 10. c4 dxc4 11. Nxc4 Bc7 12. Qd3 Qe7 13. 0-0-0 Ne4 14. Rhf1 Be6 15. Nc3 Qb4 16. d5 cxd5 17. Nxd5 Bxd5 18. Qxd5 Rd8 19. a3 Qa4 20. Bxe4 Rxd5 21. Bxd5 0-0 22. Rd4 Qa6 23. Kb1 b5 24. Nd2 Be5 25. Rd3 Qf6 26. Nf3 Qe7 27. Rfd1 Bf6 28. Nd4 Bxd4 29. Rxd4 Rc8 30. Bb3 Rc7 31. Rd5 a6 32. Ka2 g6 33. Rd6 a5 34. Rxg6+ Kh7 35. Rg5 a4 36. Rxh5+ Kg6 37. Rg5+ Kf6 38. Bd5 Rc2 39. Rd4 1/2-1/2

[Event "Olomouc Seniors op"]
[Site "Olomouc"]
[Date "2022.08.13"]
[Round "1"]
[White "Kostal, Zdislav"]
[Black "Cap, Piotr"]
[Result "0-1"]
[WhiteElo "1646"]
[BlackElo "2025"]
[PlyCount "60"]
[EventDate "2022.08.13"]
[EventType "swiss"]
[EventRounds "9"]
[EventCountry "CZE"]
[SourceTitle "CBM 209 Extra"]
[Source "ChessBase"]
[SourceDate "2022.09.30"]
[SourceVersion "1"]
[SourceVersionDate "2022.09.30"]
[SourceQuality "1"]

1. d4 d6 2. c4 g6 3. Nc3 Bg7 4. Nf3 Nd7 5. Bf4 e5 6. Bg5 f6 7. Bh4 Nh6 8. e3 Nf5 9. Bg3 c6 10. Be2 Qe7 11. 0-0 Nxg3 12. hxg3 e4 13. Nd2 f5 14. Re1 Nf6 15. Nf1 h5 16. f3 Bd7 17. b4 h4 18. g4 h3 19. g3 exf3 20. Bxf3 fxg4 21. Bh1 0-0 22. Qd3 Kh7 23. e4 Nh5 24. Rad1 Rf7 25. Re2 Raf8 26. Rb2 Rf3 27. Bxf3 Rxf3 28. Qd2 Nxg3 29. e5 Bh6 30. Qh2 Nxf1 0-1

[Event "Suwalki Warakomska Memorial 6th"]
[Site "Suwalki"]
[Date "2022.08.08"]
[Round "7"]
[White "Rog, Bartlomiej"]
[Black "Cap, Piotr"]
[Result "1-0"]
[WhiteElo "2135"]
[BlackElo "2025"]
[PlyCount "61"]
[EventDate "2022.08.03"]
[EventType "swiss"]
[EventRounds "9"]
[EventCountry "POL"]
[SourceTitle "CBM 209 Extra"]
[Source "ChessBase"]
[SourceDate "2022.09.30"]
[SourceVersion "1"]
[SourceVersionDate "2022.09.30"]
[SourceQuality "1"]

1. Nf3 Nf6 2. d4 d6 3. c4 c6 4. Nc3 Bf5 5. g3 Nbd7 6. Bg2 e5 7. 0-0 Be7 8. Nh4 Bg6 9. Nxg6 hxg6 10. Rb1 a5 11. a3 Qc7 12. b4 axb4 13. axb4 0-0 14. h3 Rfe8 15. Be3 Ra3 16. Qc2 Nb6 17. dxe5 dxe5 18. c5 Nbd5 19. Nxd5 Nxd5 20. Bc1 Raa8 21. Rd1 Red8 22. Qc4 Qc8 23. Bxd5 cxd5 24. Rxd5 Qxh3 25. Be3 Bf6 26. Rbd1 Rxd5 27. Qxd5 Rd8 28. Qb3 Re8 29. Qa4 Re7 30. Qa8+ Kh7 31. Rd8 1-0

[Event "Warsaw Szansa Blitz op"]
[Site "Warsaw"]
[Date "2021.09.10"]
[Round "5"]
[White "Cap, Piotr"]
[Black "Kaldus, Adam"]
[Result "0-1"]
[WhiteElo "1986"]
[BlackElo "2215"]
[PlyCount "42"]
[EventDate "2021.09.10"]
[EventType "swiss (blitz)"]
[EventRounds "11"]
[EventCountry "POL"]
[SourceTitle "CBM 204 Extra"]
[Source "ChessBase"]
[SourceDate "2021.11.30"]
[SourceVersion "1"]
[SourceVersionDate "2021.11.30"]
[SourceQuality "1"]

1. d4 Nf6 2. Bg5 d5 3. Bxf6 exf6 4. e3 Bd6 5. Nf3 0-0 6. c4 Bb4+ 7. Nc3 Bxc3+ 8. bxc3 Bf5 9. Bd3 Qd7 10. 0-0 c6 11. Qc2 Bxd3 12. Qxd3 Re8 13. Rab1 b6 14. cxd5 cxd5 15. c4 Nc6 16. Rfc1 dxc4 17. Rxc4 Rac8 18. Rbc1 g6 19. h3 Ne7 20. Qa3 Rxc4 21. Rxc4 Nd5 0-1

[Event "Lugano Special Edition op 19th"]
[Site "Lugano"]
[Date "2021.03.13"]
[Round "3"]
[White "Paleologu, Vladimir"]
[Black "Cap, Piotr"]
[Result "1-0"]
[WhiteElo "2084"]
[BlackElo "2017"]
[PlyCount "81"]
[EventDate "2021.03.12"]
[EventType "swiss"]
[EventRounds "5"]
[EventCountry "SUI"]
[SourceTitle "CBM 201 Extra"]
[Source "ChessBase"]
[SourceDate "2021.05.31"]
[SourceVersion "1"]
[SourceVersionDate "2021.05.31"]
[SourceQuality "1"]

1. e4 c6 2. d4 d5 3. f3 e6 4. Nc3 Nf6 5. e5 Ng8 6. f4 Ne7 7. Nf3 a6 8. Bd3 Qc7 9. Ne2 c5 10. c3 Bd7 11. Be3 c4 12. Bc2 Nf5 13. Bf2 h5 14. h3 Be7 15. g3 Nc6 16. Kd2 0-0-0 17. g4 hxg4 18. hxg4 Nh6 19. Qg1 b5 20. Qg2 b4 21. Rh3 Rhf8 22. Be3 Na5 23. Rh5 b3 24. axb3 cxb3 25. Bd3 Nc4+ 26. Bxc4 Qxc4 27. Nc1 Kb7 28. Bf2 Rc8 29. Ne1 a5 30. Bh4 f6 31. Ncd3 Nf7 32. Rh7 Rh8 33. Rxg7 Rxh4 34. Rxf7 Rch8 35. Nf3 R4h7 36. Rxh7 Rxh7 37. exf6 Bxf6 38. Nc5+ Kc7 39. Nxd7 Rxd7 40. Rxa5 Rh7 41. Rc5+ 1-0

[Event "Pardubice Czech op-A 31st"]
[Site "Pardubice"]
[Date "2020.09.28"]
[Round "9"]
[White "Cap, Piotr"]
[Black "Jedlicka, Ales"]
[Result "1/2-1/2"]
[WhiteElo "2010"]
[BlackElo "2197"]
[PlyCount "133"]
[EventDate "2020.09.21"]
[EventType "swiss"]
[EventRounds "9"]
[EventCountry "CZE"]
[SourceTitle "CBM 198 Extra"]
[Source "ChessBase"]
[SourceDate "2020.11.30"]
[SourceVersion "1"]
[SourceVersionDate "2020.11.30"]
[SourceQuality "1"]

1. d4 Nf6 2. Bg5 c5 3. d5 Ne4 4. Bf4 Qa5+ 5. Nd2 Nf6 6. c3 d6 7. e4 g6 8. a4 Bg7 9. Ngf3 0-0 10. Bd3 Bg4 11. 0-0 Nbd7 12. h3 Bxf3 13. Qxf3 Qc7 14. Nc4 Nh5 15. Bh2 Ne5 16. Bxe5 Bxe5 17. g3 Bg7 18. Kg2 Nf6 19. Qe2 Nd7 20. f4 e6 21. Ne3 Rae8 22. Bb5 a6 23. Bxd7 Qxd7 24. Qd3 f5 25. Nc4 fxe4 26. Qxe4 b5 27. axb5 axb5 28. Ne3 Kh8 29. Rae1 Qb7 30. Qf3 e5 31. f5 Bh6 32. f6 e4 33. Qd1 Bxe3 34. Rxe3 Re5 35. Qg4 Qxd5 36. Qd7 Rg8 37. Qxb5 Rf5 38. g4 Rxf1 39. Qxf1 Qe5 40. f7 Rf8 41. Qc4 d5 42. Qxc5 Rxf7 43. Qd4 Qxd4 44. cxd4 Rb7 45. Re2 Rb3 46. Rc2 Rd3 47. b4 Rxd4 48. Rb2 Rc4 49. b5 Rc7 50. b6 Rb7 51. Kf2 Kg7 52. Ke3 Kf6 53. Kd4 Ke6 54. Rb5 h5 55. gxh5 gxh5 56. h4 e3 57. Kxe3 Kd6 58. Kd4 Kc6 59. Rxd5 Rxb6 60. Rxh5 Kd7 61. Ke4 Rb4+ 62. Kf3 Ke7 63. Kg3 Rb3+ 64. Kg4 Rb4+ 65. Kg5 Rb5+ 66. Kg6 Rxh5 67. Kxh5 1/2-1/2

[Event "Pardubice Czech op-A 31st"]
[Site "Pardubice"]
[Date "2020.09.26"]
[Round "7"]
[White "Cap, Piotr"]
[Black "Narr, Kevin"]
[Result "0-1"]
[WhiteElo "2010"]
[BlackElo "2119"]
[PlyCount "106"]
[EventDate "2020.09.21"]
[EventType "swiss"]
[EventRounds "9"]
[EventCountry "CZE"]
[SourceTitle "CBM 198 Extra"]
[Source "ChessBase"]
[SourceDate "2020.11.30"]
[SourceVersion "1"]
[SourceVersionDate "2020.11.30"]
[SourceQuality "1"]

1. d4 d5 2. Bf4 c5 3. e3 Nc6 4. c3 Bf5 5. Qb3 Qd7 6. Nf3 e6 7. Nbd2 c4 8. Qd1 Nf6 9. h3 b5 10. Be2 h6 11. 0-0 Be7 12. Re1 0-0 13. Ne5 Nxe5 14. Bxe5 b4 15. Bxf6 bxc3 16. Bxe7 cxd2 17. Qxd2 Qxe7 18. b3 cxb3 19. axb3 Rfb8 20. Bd3 Bxd3 21. Qxd3 Rb4 22. Ra4 Rxa4 23. bxa4 Qb4 24. Ra1 a5 25. Qb5 Rb8 26. Qd7 Qb7 27. Qd6 Rc8 28. Qa3 Rc4 29. Qd3 g6 30. Rb1 Qc6 31. Qa3 Kg7 32. Rb5 Qc7 33. Rc5 Qb6 34. Rb5 Qc7 35. Rc5 Qd6 36. Qa1 Qb6 37. Rb5 Qc6 38. Qa3 Rc1+ 39. Kh2 Qc7+ 40. f4 Rc3 41. Rc5 Rxa3 42. Rxc7 Rxa4 43. Ra7 Ra3 44. g4 Rxe3 45. Rxa5 Rf3 46. Ra2 Rxf4 47. Rd2 g5 48. Kg3 Kg6 49. h4 f5 50. h5+ Kf6 51. gxf5 Kxf5 52. Rd1 Rg4+ 53. Kf3 Rh4 0-1

[Event "Pardubice Czech op-A 31st"]
[Site "Pardubice"]
[Date "2020.09.26"]
[Round "6"]
[White "Pychova, Nela"]
[Black "Cap, Piotr"]
[Result "1-0"]
[WhiteElo "2159"]
[BlackElo "2010"]
[PlyCount "97"]
[EventDate "2020.09.21"]
[EventType "swiss"]
[EventRounds "9"]
[EventCountry "CZE"]
[SourceTitle "CBM 198 Extra"]
[Source "ChessBase"]
[SourceDate "2020.11.30"]
[SourceVersion "1"]
[SourceVersionDate "2020.11.30"]
[SourceQuality "1"]

1. c4 d6 2. Nc3 Nf6 3. g3 e5 4. Bg2 c6 5. Nf3 Qc7 6. 0-0 Be7 7. d3 0-0 8. Bd2 a5 9. a3 Na6 10. b4 axb4 11. axb4 Bd7 12. Qb3 h6 13. Qb2 d5 14. b5 Nc5 15. cxd5 cxd5 16. d4 exd4 17. Nxd4 Qe5 18. Nf3 Qh5 19. Be3 Be6 20. Bd4 Rfd8 21. Rxa8 Rxa8 22. Ra1 Re8 23. Ra7 Bc8 24. Na4 Nxa4 25. Rxa4 Qf5 26. Ra7 Rd8 27. Bb6 Re8 28. Bd4 Rd8 29. Ra8 Be6 30. Rxd8+ Bxd8 31. Nh4 Qh5 32. h3 Ne8 33. Bf3 Qg5 34. Be3 Qe7 35. Ng2 Qd7 36. Nf4 Bf6 37. Qb4 Nc7 38. b6 Na6 39. Qa5 d4 40. Bc1 Be7 41. Ba3 Bd8 42. Nxe6 fxe6 43. Be4 Be7 44. Bxe7 Qxe7 45. Qe5 Qd7 46. Bd3 Kf7 47. Bb5 Qe7 48. Bxa6 bxa6 49. Qc7 1-0

[Event "Pardubice Czech op-A 31st"]
[Site "Pardubice"]
[Date "2020.09.21"]
[Round "1"]
[White "Cap, Piotr"]
[Black "Storme, Isak"]
[Result "0-1"]
[WhiteElo "2010"]
[BlackElo "2353"]
[PlyCount "88"]
[EventDate "2020.09.21"]
[EventType "swiss"]
[EventRounds "9"]
[EventCountry "CZE"]
[SourceTitle "CBM 198 Extra"]
[Source "ChessBase"]
[SourceDate "2020.11.30"]
[SourceVersion "1"]
[SourceVersionDate "2020.11.30"]
[SourceQuality "1"]

1. d4 Nf6 2. Bg5 c5 3. d5 d6 4. Nc3 g6 5. e4 Bg7 6. Nf3 0-0 7. Be2 b5 8. Bxf6 exf6 9. Bxb5 f5 10. 0-0 Qb6 11. Bd3 Qxb2 12. Nb5 Qxa1 13. Qxa1 Bxa1 14. Rxa1 Na6 15. Nxd6 Nb4 16. exf5 Nxd3 17. cxd3 Ba6 18. fxg6 hxg6 19. Rc1 Rfd8 20. Ne4 Bxd3 21. Nxc5 Rxd5 22. Nb3 Be4 23. Nfd2 Rad8 24. f3 Bf5 25. g4 Be6 26. Rc2 Rd3 27. Kf2 Rc8 28. Rb2 Kg7 29. Ke2 Rdd8 30. Ne4 Bc4+ 31. Ke3 Rd3+ 32. Kf4 Bd5 33. Nbc5 Ra3 34. Rd2 Bxa2 35. Rd7 Ra5 36. Nb7 Ra4 37. Nbd6 Rf8 38. Kg3 Be6 39. Rc7 Ra1 40. Ng5 Bd5 41. h4 a5 42. Re7 a4 43. Ne8+ Rxe8 44. Rxe8 a3 0-1

[Event "Wroclaw Anderssen Memorial"]
[Site "Wroclaw"]
[Date "2020.08.09"]
[Round "5"]
[White "Jankowiak, Tomasz"]
[Black "Cap, Piotr"]
[Result "1-0"]
[WhiteElo "2115"]
[BlackElo "2005"]
[PlyCount "65"]
[EventDate "2020.08.09"]
[EventType "swiss"]
[EventRounds "11"]
[EventCountry "POL"]
[SourceTitle "CBM 197 Extra"]
[Source "ChessBase"]
[SourceDate "2020.09.30"]
[SourceVersion "1"]
[SourceVersionDate "2020.09.30"]
[SourceQuality "1"]

1. e4 c6 2. d4 d5 3. e5 Bf5 4. h4 h5 5. c4 e6 6. Nc3 a6 7. Nge2 Ne7 8. Ng3 Bg6 9. Bg5 Qa5 10. Be2 dxc4 11. 0-0 Nd5 12. Nce4 Bxe4 13. Nxe4 g6 14. Bxc4 Nd7 15. a3 Qb6 16. b4 Be7 17. Bxe7 Kxe7 18. Qd2 Kf8 19. Rac1 Kg7 20. Nd6 Rab8 21. Rfd1 Rhf8 22. Bxd5 cxd5 23. Rc3 a5 24. Rdc1 axb4 25. Rc7 Rbd8 26. axb4 Qa6 27. Rxb7 Nxe5 28. dxe5 Rxd6 29. exd6 Qxb7 30. Qd4+ Kg8 31. Rc7 Qb8 32. Qc5 Qd8 33. d7 1-0